| 000 | 00729cam a2200217 a 4500 | ||
|---|---|---|---|
| 001 | 000005947 | ||
| 005 | 20200929151844.0 | ||
| 008 | 801117s1978 sp 001 p spa | ||
| 020 | _a8400044053 | ||
| 040 |
_aDO-SdBNP _bspa _cBNPHU |
||
| 082 |
_a861.64 _bP181b |
||
| 100 | 1 |
_aPalomero, Visitación, _d1954- _916752 |
|
| 245 | 1 | 0 |
_aBajo las alusiones / _cVisitación Palomero. |
| 260 |
_aZaragoza, España : _bInstitución Fernando el Católico, _c[1978]. |
||
| 300 |
_a56 p. ; _c25 cm. |
||
| 490 | 1 |
_a"San Jorge" _vvol. 19 |
|
| 490 | 1 |
_aPublicación de la Institución Fernando el Católico _vno. 705 |
|
| 586 | _aPremio "San Jorge", 1978. | ||
| 650 | 4 |
_aPoesía española _9631 |
|
| 650 | 4 |
_aLiteratura española _ySIGLO XXI _94846 |
|
| 999 |
_c5743 _d5743 |
||